[Event "16th IND-chT Women 2018"]
[Site "Patia"]
[Date "2018.02.10"]
[Round "3"]
[White "Parnali, S Dharia"]
[Black "Karavade, Eesha"]
[Result "0-1"]
[WhiteElo "2144"]
[BlackElo "2386"]
[Annotator "TA"]
[PlyCount "76"]
[EventDate "2018.??.??"]
[EventType "team-tourn"]
[EventCountry "IND"]
[SourceTitle "playchess.com"]
[Source "ChessBase"]
[SourceQuality "1"]

{[%evp 22,76,0,0,6,-9,47,-11,0,0,2,-35,-26,-40,-8,-60,-70,-161,-149,-137,-174,-161,-164,-430,-446,-454,-453,-512,-399,-451,-448,-420,-437,-495,-467,-694,-581,-791,-765,-804,-535,-537,-537,-691,-516,-527,-523,-520,-520,-520,-517,-512,-511,-548,-548,-546,-543]} 1. d4 Nf6 2. c4 e6 3. g3 c5 4. d5 exd5 5. cxd5 d6 6. Bg2 g6 7. Nf3 Bg7 8. O-O O-O 9. Nc3 Re8 10. Nd2 a6 11. a4 Nbd7 12. h3 b6 {A64: Modern Benoni: Fianchetto Variation: 9...Nbd7 10 Nd2 a6 11 a4 Re8} (12... Rb8 13. Nc4 Ne5 14. Na3 Nh5 15. Bd2 Bd7 16. Rb1 f5 17. b4 Qc7 18. bxc5 Qxc5 19. Qb3 Nxg3 20. Rfc1 Nf7 21. e3 Bxc3 22. fxg3 Bxd2 23. Rxc5 Bxe3+ {0-1 (79) Grachev,B (2654)-Morozevich,A (2676) Sochi 2017}) 13. e4 Nh5 (13... Ne5 $11) 14. Kh2 $146 ({Better is} 14. Nc4 $14 Ne5 15. Ne3) ({Predecessor:} 14. Nf3 Ne5 15. g4 Nxf3+ 16. Qxf3 Nf6 17. Bf4 Ra7 18. Rac1 Nd7 19. Bxd6 Ne5 20. Bxe5 Bxe5 21. Rfe1 Rae7 22. Rc2 Qd6 23. Kh1 Bd4 24. Rg1 Bd7 25. Qd3 Kh8 {½-½ (25) Ballow,J (2393)-Morrow,W (2430) ICCF email 2014}) 14... Rb8 $11 {The position is equal.} 15. Nc4 Ne5 16. Ne3 b5 $1 17. axb5 axb5 18. f4 (18. Qc2 $11) 18... Nd7 $1 $15 19. Ne2 (19. Ng4 $15) 19... Nhf6 $19 {[%cal Bh5f6,Bf6d7,Bd7b6][%mdl 32]} 20. Qd3 Qe7 21. Nc3 {[#]} c4 $1 $36 {[%cal Rc4d3][%mdl 2048] White is under strong pressure.} ({Stronger than} 21... b4 22. Nb5 $11) 22. Nxc4 $2 (22. Qd1) 22... Nc5 ({Weaker is} 22... bxc4 23. Qxc4 Nc5 24. e5 $19) 23. Qe2 bxc4 24. e5 Nfd7 25. Qxc4 Nb6 26. Qb4 dxe5 27. Be3 {Black is clearly winning.} Nbd7 28. Qc4 (28. Qa3 $142) 28... Rxb2 29. fxe5 Bxe5 30. d6 Qe6 31. Qxe6 fxe6 32. Na4 Nxa4 33. Rxa4 Bb7 34. Rf2 Rxf2 35. Bxf2 Bxg2 36. Kxg2 Rd8 37. Re4 Kf7 38. Rh4 Nf6 {Precision: White = 28%, Black = 75%.} 0-1

[Event "16th IND-chT Women 2018"]
[Site "Patia"]
[Date "2018.02.10"]
[Round "3"]
[White "Kaur, Mandeep"]
[Black "Vijayalakshmi, Subbaraman"]
[Result "0-1"]
[WhiteElo "1036"]
[BlackElo "2352"]
[Annotator "TA"]
[PlyCount "74"]
[EventDate "2018.??.??"]
[EventType "team-tourn"]
[EventCountry "IND"]
[SourceTitle "playchess.com"]
[Source "ChessBase"]
[SourceQuality "1"]

{[%evp 18,73,39,31,29,0,14,-116,-109,-125,-106,-107,-89,-245,-256,-246,-187,-190,-181,-326,-191,-419,-384,-762,-769,-761,-773,-737,-725,-830,-767,-781,-775,-1217,-1165,-1431,-1439,-2031,-2010,-1909,-1907,-2989,-2568,-29985,-29986,-29991,-29987,-29987,-29988,-29988,-29988,-29989,-29990,-29990,-29991,-29991,-29992,-29999]} 1. d4 Nf6 2. c4 g6 3. Nc3 Bg7 4. e3 O-O 5. Nf3 d6 6. b3 {E61: King's Indian: Early deviations for White, including Smyslov System} (6. Be2 Nbd7 7. d5 e5 8. dxe6 fxe6 9. O-O e5 10. b3 Kh8 11. Bb2 Qe7 12. Rc1 Nc5 13. b4 Nce4 14. Nxe4 Nxe4 15. Nd2 Nxd2 16. Qxd2 Bd7 17. c5 d5 18. Qxd5 Bc6 19. Qc4 a6 20. Qg4 Rf5 21. Rcd1 Rg5 {0-1 (21) Harikrishna,P (2763)-Nakamura,H (2787) chess.com INT 2016}) 6... e5 7. Be2 Nc6 8. O-O Re8 9. Bb2 e4 10. Nd2 {LiveBook: 3 Games} h5 11. Qc1 $146 ({Find the theoretical novelty and annotate with similar games:} 11. a3 Bf5 12. b4 Ne7 13. Qb3 c6 14. a4 Qd7 15. a5 Bg4 16. b5 {0-1 (47) Gjorgjieski,D (2188)-Nedev,T (2482) Skopje 2015}) 11... Bf5 12. f3 (12. a3 $1 $11 {was the only way to keep the balance.}) 12... exf3 $17 13. Nxf3 Bh6 14. Nd1 Ng4 {[%cal Re8e3] [#] Threatens to win with ...Rxe3.} 15. d5 $2 (15. Qc3 $17) 15... Rxe3 $1 $19 16. dxc6 Rxf3 ({Weaker is} 16... Rxe2 17. Qc3 $17) 17. Bxf3 Bxc1 $40 {[%mdl 128] Black goes for the king.} 18. Bxc1 (18. cxb7 $142 Rb8 19. Rxc1) 18... b6 (18... bxc6 $142 19. Bxg4 hxg4) 19. Ne3 $2 {[#]} (19. Bxg4 {was the only chance.} hxg4 20. Nc3) 19... Qf6 20. Rb1 $2 (20. Bxg4 Qxa1 21. Bxf5 gxf5 22. Nd5) 20... Bxb1 21. Bxg4 Qd4 22. Rd1 Qc5 23. Bd7 Be4 24. a3 a5 25. Bd2 Qxa3 26. Nd5 Bxd5 27. cxd5 Qc5+ 28. Kf1 Qxd5 29. h3 a4 30. bxa4 Rxa4 {Black mates.} 31. Ke1 Re4+ 32. Kf1 Qd3+ 33. Kg1 Re2 34. Kh2 Qe4 {[%csl Ge2][%cal Re4g2]} 35. Rg1 Rxd2 36. Kh1 b5 37. Rb1 Qxg2# {Precision: White =  7%, Black = 68%.} 0-1

[Event "16th IND-chT Women 2018"]
[Site "Patia"]
[Date "2018.02.12"]
[Round "5"]
[White "Gomes, Mary Ann"]
[Black "Kiran, Manisha Mohanty"]
[Result "1/2-1/2"]
[WhiteElo "2329"]
[BlackElo "2101"]
[Annotator "TA"]
[PlyCount "49"]
[EventDate "2018.??.??"]
[EventType "team-tourn"]
[EventCountry "IND"]
[SourceTitle "playchess.com"]
[Source "ChessBase"]
[SourceQuality "1"]

{[%evp 9,49,-28,-11,-18,-6,-18,-34,-29,-21,-23,0,-2,0,0,0,0,0,11,9,-10,-16,-44,0,-25,-27,-33,0,0,0,0,0,0,0,0,0,0,0,0,0,0,0,0]} 1. f4 d5 2. Nf3 Nf6 3. g3 Nbd7 (3... g6 4. Bg2 Bg7 5. O-O O-O 6. d3 c5 7. c3 Nc6 8. Na3 Re8 9. Nh4 b6 10. e4 dxe4 11. Qa4 Qxd3 12. Qxc6 Bd7 13. Qc7 Ng4 14. Re1 Bd4+ 15. cxd4 Qxd4+ 16. Be3 Nxe3 {1-0 (58) Carlsen,M (2837)-Adams,M (2715) London 2017}) 4. Bg2 c6 5. d3 Qc7 {LiveBook: 6 Games} 6. Nc3 {A03: Bird's Opening with 1...d5} e5 7. fxe5 $146 ({Predecessor:} 7. e4 dxe4 8. dxe4 Bc5 9. f5 b5 10. Nd2 a5 11. Qf3 {1-0 (63) Lima,D (2487)-Rocha,S (2421) Evora 2008}) 7... Nxe5 8. Nxe5 {Black is slightly better.} Qxe5 9. Bf4 Qe6 10. O-O Bc5+ 11. d4 Bb4 12. Bg5 Ne4 13. Nxe4 dxe4 14. c4 Qxc4 15. Bxe4 Bg4 16. Rf2 O-O 17. a3 Bd6 (17... Bc5 $5 18. Bxh7+ Kxh7 19. dxc5 Qxc5 20. Qd3+ Kg8 $11) 18. Rc1 {The position is equal.} Qb5 19. Qd2 Be6 20. Bd3 Qb6 21. Bf6 gxf6 {[%cal Bg7f6,Bf6f5][%mdl 32]} 22. Qh6 {[%csl Gd3][%cal Rh6h7] [#]} f5 $1 23. Qg5+ Kh8 24. Qf6+ Kg8 {And now ...Qd8 would win.} 25. Qg5+ {Precision: White = 69%, Black = 84%.} 1/2-1/2

[Event "16th IND-chT Women 2018"]
[Site "Patia"]
[Date "2018.02.12"]
[Round "5"]
[White "Mohota, Nisha"]
[Black "Bindu, Saritha K."]
[Result "1-0"]
[WhiteElo "2256"]
[BlackElo "1565"]
[Annotator "TA"]
[PlyCount "35"]
[EventDate "2018.??.??"]
[EventType "team-tourn"]
[EventCountry "IND"]
[SourceTitle "playchess.com"]
[Source "ChessBase"]
[SourceQuality "1"]

{[%evp 9,35,11,52,53,60,52,54,55,57,60,65,36,57,22,77,61,416,333,970,963,977,979,972,965,955,960,925,923]} 1. d4 d5 2. c4 c6 3. Nf3 Nf6 4. e3 {[%cal Be2e3,Be3e4,Be4e5][%mdl 32]} e6 5. Nc3 dxc4 6. Bxc4 {D45: Semi-Slav: 5 e3} b5 7. Bd3 Bb7 8. e4 {White is slightly better.} a6 9. e5 Nd5 10. Ne4 Nd7 11. O-O c5 12. Nfg5 $36 {[%mdl 2048] Threatens to win with Qh5. White is more active.} (12. dxc5 Nxc5 13. Nxc5 Bxc5 14. Qe2 Qb6 {½-½ (21) Mchedlishvili,M (2613)-Moradiabadi,E (2547) Ravana 2009}) 12... c4 $146 {[%mdl 8192]} (12... cxd4 $14 13. f4 Qb6) ({Predecessor:} 12... cxd4 13. Nxf7 Kxf7 14. Ng5+ Ke7 {1-0 (24) Shumiakina,T (2351)-Gaprindashvili,N (2066) St Petersburg 2008}) 13. Qf3 {[%csl Gg5][%cal Rf3f7]} f6 $2 (13... Nxe5 14. dxe5 Qd7) 14. Nd6+ $18 {White is clearly winning.} Bxd6 {[#]} 15. Qh5+ $1 ({Weaker is} 15. Nxe6 Qe7 $11) 15... g6 {[#]} 16. Bxg6+ $1 {[%mdl 512]} Ke7 (16... hxg6 17. Qxg6+) 17. exd6+ Kxd6 18. Nf7+ {Precision: White = 85%, Black = 49%.} 1-0

[Event "16th IND-chT Women 2018"]
[Site "Patia"]
[Date "2018.02.12"]
[Round "5"]
[White "Swati, Ghate"]
[Black "Soumya, Swaminathan"]
[Result "1-0"]
[WhiteElo "2222"]
[BlackElo "2349"]
[Annotator "TA"]
[PlyCount "41"]
[EventDate "2018.??.??"]
[EventType "team-tourn"]
[EventCountry "IND"]
[SourceTitle "playchess.com"]
[Source "ChessBase"]
[SourceQuality "1"]

{[%evp 20,41,13,11,10,6,17,12,18,10,17,16,10,19,28,18,22,13,10,15,34,-25,39,22]} 1. e4 c5 2. Nf3 e6 3. d4 cxd4 4. Nxd4 Nc6 5. Nc3 Qc7 6. Be2 Nf6 7. O-O Be7 8. Be3 O-O 9. Kh1 d6 10. f4 Nxd4 11. Qxd4 b6 {B83: Sicilian Scheveningen: 6 Be2, lines without ...a6} 12. Bf3 Bb7 13. Qd3 Rfd8 {The position is equal.} 14. Nb5 Qb8 15. c4 a6 16. Nc3 Qc7 17. Rac1 Nd7 (17... Rac8 18. b3 Nd7 19. Rfd1 {½-½ (26) Wang,H (2709)-Safarli,E (2639) Riadh 2017}) 18. Qe2 $146 ({Predecessor:} 18. Rfd1 Rac8 19. Qd2 Qb8 {½-½ (31) Pogonina,N (2445)-Cramling,P (2513) Monaco 2015}) 18... Rac8 19. Qf2 Re8 20. b4 (20. Rfd1 $14) 20... Qxc4 ({Better is} 20... Qb8 $1 $11) 21. Nd5 $1 {[%mdl 32768] Precision: White = 69%, Black = 33%. . Loss on Time!?} 1-0

[Event "16th IND-chT Women 2018"]
[Site "Patia"]
[Date "2018.02.12"]
[Round "5"]
[White "Pujari, Rucha"]
[Black "Smaraki, Mohanty"]
[Result "1-0"]
[WhiteElo "2171"]
[BlackElo "1814"]
[Annotator "TA"]
[PlyCount "69"]
[EventDate "2018.??.??"]
[EventType "team-tourn"]
[EventCountry "IND"]
[SourceTitle "playchess.com"]
[Source "ChessBase"]
[SourceQuality "1"]

{[%evp 21,69,-5,8,-4,2,6,8,8,24,2,47,0,41,14,61,50,48,26,53,49,106,96,149,138,218,192,277,198,198,136,289,279,285,268,321,313,319,309,308,304,583,607,591,592,592,584,565,549,702,708]} 1. Nf3 Nf6 2. g3 d5 3. Bg2 c5 4. O-O Nc6 5. d4 e6 6. b3 Be7 7. Bb2 O-O 8. e3 b6 {D02: Damenbauernspiele} 9. Nbd2 (9. dxc5 bxc5 10. c4 Bb7 11. cxd5 exd5 12. Nc3 Rc8 13. Re1 Re8 14. Nh4 Ne5 15. Nb5 Bf8 16. Nxa7 Ra8 17. Nb5 Qb6 18. a4 c4 19. Bd4 Bc5 20. b4 Bxd4 21. Qxd4 Qxd4 22. Nxd4 {1-0 (28) Nakamura,H (2802)-Topalov,V (2798) Stavanger 2015}) 9... Ba6 10. Re1 Rc8 11. a3 Qc7 {LiveBook: 5 Partien} 12. dxc5 bxc5 13. c4 Rfd8 14. Qc2 Qb6 15. Rad1 $146 ({Vorgänger:} 15. Rac1 Na5 16. Ba1 {0-1 (52) De Santis,A (2278)-Berchtenbreiter,M (2142) Bad Woerishofen 2009}) 15... Rb8 16. Rb1 Rbc8 17. Rec1 d4 18. exd4 $1 Nxd4 19. Nxd4 cxd4 20. b4 $1 e5 (20... Bb7 $14) 21. c5 Qe6 (21... Qc7 $142) 22. Re1 $16 Nh5 {[#]} (22... Be2 $16 23. Qb3 (23. Rxe2 d3 $14) 23... Qa6) 23. f4 $1 {[%mdl 512]} f6 (23... Bf6 $142 24. Bf3 g6) (23... exf4 24. Rxe6) 24. Qe4 Rc7 25. fxe5 ({Besser ist} 25. Nf3 $18) 25... Bb7 $2 (25... f5 $16 {kämpft weiter.} 26. Qf3 Bg5) 26. Qe2 $18 Bxg2 27. Kxg2 Qxe5 28. Qxe5 fxe5 29. Rxe5 Nf6 30. Rbe1 Ng4 $2 (30... Rdd7 {war nötig.} 31. Nc4 h6) 31. Rxe7 {Weiß steht klar auf Gewinn.} Ne3+ {[#]} 32. R7xe3 $1 dxe3 33. Nc4 Re7 34. Be5 Rd3 35. c6 {Precision: Weiß = 63%, Schwarz = 11%.} 1-0

[Event "16th IND-chT Women 2018"]
[Site "Patia"]
[Date "2018.02.12"]
[Round "5"]
[White "Salonika, Saina"]
[Black "Parnali, S Dharia"]
[Result "1/2-1/2"]
[WhiteElo "2151"]
[BlackElo "2144"]
[Annotator "TA"]
[PlyCount "49"]
[EventDate "2018.??.??"]
[EventType "team-tourn"]
[EventCountry "IND"]
[SourceTitle "playchess.com"]
[Source "ChessBase"]
[SourceQuality "1"]

{[%evp 17,49,31,53,0,0,-43,-36,-36,-29,-79,-67,-126,-34,-60,43,52,41,-54,97,31,72,79,78,2,52,-1580,73,62,67,84,74,-104,74,-189]} 1. e4 e5 2. Nf3 Nc6 3. Bb5 a6 4. Ba4 Bc5 5. O-O b5 6. Bb3 Nf6 7. c3 d6 8. d4 Bb6 9. a4 Rb8 {LiveBook: 680 Games} 10. Bg5 {C78: Ruy Lopez: Archangelsk and Möller Defences} (10. Na3 $14) 10... h6 $11 11. Bxf6 Qxf6 12. axb5 {Black is slightly better.} axb5 13. h3 $146 ({Predecessor:} 13. Qd3 exd4 14. Qxb5 Bd7 15. Qe2 O-O 16. Ba4 Rfe8 17. Rd1 Ra8 18. Nbd2 dxc3 19. bxc3 {½-½ (78) Gashimov,V (2758)-Anand,V (2788) Moscow 2009}) 13... O-O {[%cal Re5d4]} 14. Qe2 (14. dxe5 $15 Nxe5 15. Nxe5 dxe5 16. Qe2) 14... Na5 (14... exd4 $17 {Strongly threatening ...Bd7.} 15. Qxb5 Bd7) 15. Ba2 Nc4 (15... exd4 $15 16. Nxd4 b4) 16. Bxc4 $14 bxc4 17. Nbd2 ({White should play} 17. dxe5 $14 Qg6 18. Kh1) 17... Qf4 $2 {[#]} (17... exd4 $15 {keeps the upper hand.} 18. Qxc4 dxc3 19. Qxc3 Qg6) 18. Nxc4 (18. dxe5 $1 $16 dxe5 19. Nxc4) 18... f5 19. Nxb6 Rxb6 20. exf5 (20. Qc4+ $16 Kh7 21. Qxc7) 20... Bxf5 (20... Bb7 {keeps more tension.} 21. Nh2 exd4 22. cxd4 Qxf5 23. Rfc1 Rf7) 21. Qxe5 $2 {[%mdl 8192]} (21. dxe5 $14 Bxh3 22. gxh3 Qxf3 23. Qxf3 Rxf3 24. Ra8+ Rf8 25. Rxf8+ Kxf8 26. exd6) 21... Bxh3 $2 ({Black should try} 21... dxe5 $19 22. Nxe5 Rxb2) 22. Qxf4 $16 Rxf4 23. Ra8+ Kh7 24. Ne5 $2 {[#]} (24. Ne1 $16 {and life is bright.} Be6 25. Nd3) 24... Be6 $2 (24... Bxg2 $1 $17 25. Kxg2 dxe5 26. dxe5 Rg6+ 27. Kh3 Rf3+ 28. Kh4 Rg2) 25. Re1 $2 {[%mdl 8192] Precision: White =  8%, Black =  8%.} (25. Nd3 $16 Rf7 26. Rd1) 1/2-1/2

[Event "16th IND-chT Women 2018"]
[Site "Patia"]
[Date "2018.02.12"]
[Round "5"]
[White "Chitlange, Sakshi"]
[Black "Sribrinda, Rout"]
[Result "1-0"]
[WhiteElo "2089"]
[BlackElo "1564"]
[Annotator "NA RC"]
[PlyCount "63"]
[EventDate "2018.??.??"]
[EventType "team-tourn"]
[EventCountry "IND"]
[SourceTitle "playchess.com"]
[Source "ChessBase"]
[SourceQuality "1"]
[TimeControl "5400+30"]

{[%evp 8,62,18,21,24,24,31,0,0,-29,0,-21,-20,-21,-16,-16,-16,-18,0,-11,55,0,0,24,12,0,76,24,95,79,78,58,60,45,54,47,32767,32767,32767,32767,116,120,111,49,49,31,145,118,133,121,276,305,392,197,29998,29999,29999]} 1. d4 d5 2. Bf4 Nf6 3. e3 a6 {D00: 1 d4 d5: Unusual lines} (3... c5 4. Nd2 Nc6 5. c3 Bf5 6. Ngf3 e6 7. Be2 Bd6 8. dxc5 Bxc5 9. Nd4 Bg6 10. Qa4 O-O 11. Nxc6 bxc6 12. Qxc6 Rc8 13. Qa4 Re8 14. O-O e5 {0-1 (57) Le,Q (2737)-Ding,L (2777) Riadh 2017}) 4. Nd2 Nc6 5. c3 Bf5 6. Ngf3 Nh5 $146 ({Predecessor:} 6... e6 7. Be2 Bd6 8. Bg3 O-O 9. Ne5 Bxe5 10. dxe5 Nd7 11. f4 f6 12. exf6 Nxf6 13. Bh4 {1-0 (39) Daneri,M (2135)-Lallana,D (1985) Montevideo 2013}) 7. Bg5 h6 8. Bh4 g5 9. Ne5 Nxe5 10. dxe5 Bg6 11. Be2 Ng7 12. Bg3 Nf5 13. e6 fxe6 (13... Bg7 $11) 14. Be5 (14. Bh5 $14 Bxh5 15. Qxh5+ Kd7 16. e4 Nxg3 17. hxg3) 14... Bg7 15. Bxg7 Nxg7 16. h4 gxh4 (16... Kf7 $11 {keeps the balance.}) 17. Qa4+ Qd7 (17... c6 $14) 18. Qg4 Kf7 19. Qf4+ Kg8 20. Rxh4 Qd6 21. Rxh6 Qxf4 22. Rxh8+ Kxh8 23. exf4 Nh5 24. g3 Nf6 25. Bf3 (25. Nb3 $16) 25... Kg7 26. Ke2 Bh5 (26... c6 $14) 27. Bxh5 Nxh5 28. Nf3 Kf6 $2 (28... Kg6 $16) 29. Rh1 Ng7 30. Rh6+ Kf5 $2 (30... Kf7 $18 31. g4 Kg8) 31. Nd4+ Ke4 32. f3# 1-0

[Event "16th IND-chT Women 2018"]
[Site "Patia"]
[Date "2018.02.12"]
[Round "5"]
[White "Aparajita, Gochhikar"]
[Black "Srija, Seshadri"]
[Result "0-1"]
[WhiteElo "1740"]
[BlackElo "2252"]
[Annotator "TA"]
[PlyCount "60"]
[EventDate "2018.??.??"]
[EventType "team-tourn"]
[EventCountry "IND"]
[SourceTitle "playchess.com"]
[Source "ChessBase"]
[SourceQuality "1"]

{[%evp 21,60,48,43,-17,0,3,6,8,4,4,24,14,22,8,41,41,230,34,48,46,224,70,76,64,47,-470,-470,-577,-565,-576,-577,-606,-611,-1083,-1083,-1061,-1045,-1016,-996,-986,-962]} 1. e4 e5 2. Nf3 Nc6 3. Bc4 Bc5 4. c3 Nf6 5. d3 O-O 6. O-O d5 7. exd5 Nxd5 8. Nbd2 {C54: Italienische Partie (Hauptvariante)} (8. a4 Bf5 9. Re1 Nb6 10. Bb5 Ne7 11. a5 c6 12. axb6 cxb5 13. Be3 axb6 14. Rxa8 Qxa8 15. Bxc5 bxc5 16. Rxe5 {½-½ (27) Mamedyarov,S (2804)-Kramnik,V (2787) Wijk aan Zee 2018}) 8... Bg4 9. Ne4 Be7 10. h3 Bh5 11. Ng3 Bg6 {LiveBook: 5 Partien} 12. d4 (12. Bb5 $14) 12... Nb6 13. Bb5 exd4 14. Bxc6 bxc6 15. Nxd4 Qd7 16. Qf3 $146 c5 17. Ndf5 Bd6 18. Rd1 Rad8 $2 (18... Rfe8 $14) 19. h4 $2 (19. Bh6 $1 $18) 19... Rfe8 $14 {...Lxg3! ist eine echte Drohung.} 20. Be3 Na4 $2 (20... Bxf5 $14 21. Nxf5 Qe6) 21. h5 $2 ({Weiss braucht} 21. Nxd6 $18 cxd6 22. h5) 21... Bxf5 $1 22. Nxf5 Nxb2 23. Nxg7 $2 {[%mdl 8192] [#]} (23. Rd2 $1 $14 {war der einzige gute Zug.} Rxe3 24. Qg4 (24. fxe3 Bh2+ 25. Kxh2 Qxd2 $11)) 23... Rxe3 $1 $19 {Schwarz steht klar auf Gewinn.} ({Schwächer ist} 23... Kxg7 {[#]} 24. Bh6+ $1 {[%mdl 512]} Kxh6 25. Qf6+ Kxh5 26. Rd5+ Re5 27. Rxe5+ Bxe5 28. Qxe5+ f5 29. Qe2+ Kg6 30. Qxb2 $15) 24. fxe3 {Und Tdb1 würde nun gewinnen.} Nxd1 (24... Kxg7 $2 25. h6+ Kf8 26. Rf1 $19) 25. Rxd1 {Droht Sf5.} Kxg7 26. h6+ Kf8 27. Qf6 {[#]} Bh2+ $1 {[%mdl 512]} 28. Kxh2 Qxd1 29. Qg7+ Ke7 30. Qe5+ Kd7 {Precision: Weiß = 29%, Schwarz = 38%.} 0-1

[Event "16th IND-chT Women 2018"]
[Site "Patia"]
[Date "2018.02.12"]
[Round "5"]
[White "S.Jayaseeli"]
[Black "Padmini, Rout"]
[Result "0-1"]
[WhiteElo "1174"]
[BlackElo "2325"]
[Annotator "TA"]
[PlyCount "70"]
[EventDate "2018.??.??"]
[EventType "team-tourn"]
[EventCountry "IND"]
[SourceTitle "playchess.com"]
[Source "ChessBase"]
[SourceQuality "1"]

{[%evp 15,70,1,24,0,0,-16,-10,-22,0,0,0,2,2,0,0,6,16,-12,-12,-59,-52,-71,-61,-59,-47,-55,-63,-70,-21,-25,-25,-25,-28,-26,-15,-139,-135,-128,-132,-141,-131,-219,-226,-196,-64,-47,-41,-98,-90,-789,-781,-746,-748,-1094,-1071,-1078,-1070]} 1. e4 c5 2. Nf3 e6 3. d4 cxd4 4. Nxd4 Nc6 5. Nc3 Qc7 6. Be3 a6 7. Bd3 Nf6 8. Nb3 b5 9. a3 {B48: Sicilian: Taimanov: 5 Nc3 Qc7 6 Be3 a6 without Be2} (9. f4 d6 10. Qf3 Be7 11. O-O Bb7 12. Qh3 Nb4 13. a3 Nxd3 14. cxd3 O-O 15. Rac1 Qd8 16. Rf3 Nd7 17. Qh5 Nf6 18. Qh3 Nd7 19. Qh5 Nf6 {½-½ (19) Delgado Ramirez,N (2572)-Potkin,V (2621) Havana 2009}) 9... Ne5 10. Bd4 Bb7 11. O-O {The position is equal.} Nc4 ({But not} 11... Neg4 12. f4 $14) 12. Bxc4 $146 ({Predecessor:} 12. Qe2 e5 13. Nd5 Nxd5 14. exd5 Be7 15. Rae1 d6 16. Bc3 Bxd5 17. f4 f6 18. Kh1 g6 {0-1 (36) Lamorelle,J (2192)-Bujisho,B (2299) Cannes 2000}) 12... bxc4 13. Nd2 e5 14. Be3 d5 $36 {[%mdl 2048] Black is more active.} 15. exd5 Nxd5 16. Nxd5 Bxd5 17. c3 Be7 18. Qa4+ Qd7 19. Qxd7+ Kxd7 20. Rad1 Kc6 21. f4 f6 22. fxe5 fxe5 23. Nf3 Bf6 24. Rf2 Rhd8 25. Rfd2 (25. Re1 $11 {remains equal.}) 25... Bxf3 $1 $17 26. gxf3 {[#]} Kb5 $1 27. Rd7 {[#]} Ka4 $1 28. Kf2 (28. R1d6 $17 {is a better defense.}) 28... Rxd7 $19 29. Rxd7 {[%mdl 4096] Endgame KRB-KRB} Kb3 ({Better is} 29... Rb8 $19 30. Bc1 Kb3) 30. Rb7+ $15 Kc2 31. Rb4 ({White should play} 31. a4 $15) 31... Kd3 $17 {And now ...Bh4+ would win.} 32. Rb7 $2 {[%mdl 8192]} (32. Bc5 $17) 32... Bh4+ $19 {Black is clearly winning.} 33. Kg2 Kxe3 34. b4 Bf6 35. Kg3 Kd3 {Precision: White = 28%, Black = 65%.} 0-1

[Event "16th IND-chT Women 2018"]
[Site "Patia"]
[Date "2018.02.13"]
[Round "6"]
[White "Tania, Sachdev"]
[Black "Pujari, Rucha"]
[Result "1-0"]
[WhiteElo "2402"]
[BlackElo "2171"]
[Annotator "TA"]
[PlyCount "53"]
[EventDate "2018.??.??"]
[EventType "team-tourn"]
[EventCountry "IND"]
[SourceTitle "playchess.com"]
[Source "ChessBase"]
[SourceQuality "1"]

{[%evp 21,53,13,43,19,77,80,90,26,0,10,173,57,147,146,281,262,469,457,495,458,477,444,420,282,364,377,337,53,1031,1035,1636,1574,2443,2252]} 1. d4 d5 2. c4 e6 3. Nf3 Nf6 4. Nc3 Be7 5. Qc2 O-O 6. cxd5 exd5 7. Bf4 c6 8. h3 Re8 9. e3 Nbd7 10. Bd3 Nf8 11. O-O-O b5 {LiveBook: 5 Games} 12. g4 {D35: Queen's Gambit Declined: Exchange Variation} Bb7 (12... Be6 $11 {remains equal.}) 13. Kb1 $16 {[#]} a5 $146 ({Find the theoretical novelty and annotate with similar games:} 13... a6 14. Rhg1 N6d7 15. g5 c5 16. dxc5 Nxc5 17. Nd4 g6 18. h4 Rc8 19. Qd2 Nxd3 20. Qxd3 {½-½ (50) Tyomkin,D (2522)-Smagin,S (2605) Montreal 2000}) 14. Rc1 ({Better is} 14. g5 $16 Nh5 15. h4) 14... a4 $11 15. Ne5 Qa5 $2 (15... N6d7 $11 {and Black stays safe.}) 16. Ne2 (16. g5 $18) 16... Ra6 {[#]} ({Black should try} 16... Rac8 $1 $14) 17. Ng3 $1 $16 {[%cal Be2g3,Bg3f5,Bf5h6][%mdl 32]} g6 {[#]} (17... Bd6 $16) 18. Nf5 $1 $18 {[%mdl 512]} Ne4 $2 (18... Ne6) (18... gxf5 19. gxf5) 19. Bxe4 ({Don't take} 19. Nh6+ Kg7 $18) 19... dxe4 20. Nh6+ Kg7 21. Nexf7 c5 22. g5 {Be5+ is the strong threat.} ({Less strong is} 22. Be5+ Bf6 $18) 22... Nd7 23. dxc5 Nxc5 {[#]} 24. Nd6 $2 $40 {[%mdl 128] Black needs to defend precisely.} (24. Bc7 $1 $18 {[%mdl 512]} Qb4 (24... Qxc7 25. Qc3+) 25. Be5+ Kf8 26. Bd4) 24... Bxd6 $4 {[%mdl 8192]} (24... Rxd6 $14 25. Qxc5 Rd5) 25. Bxd6 {White is clearly winning.} Ne6 26. b4 {Qc3+ would kill now.} Rxd6 27. Qb2+ {Precision: White = 46%, Black = 21%.} 1-0